|
|
|
|
| LEADER |
00987nam a2200229 a 4500 |
| 001 |
1006233 |
| 008 |
100107s1988 enk b 001 0 eng d |
| 020 |
|
|
|a 0195625978
|
| 040 |
|
|
|a DLC
|c DLC
|d DLC
|d BD-DhAAL
|
| 082 |
0 |
0 |
|a 327
|2 19
|
| 100 |
1 |
|
|a Frankel, Joseph.
|
| 245 |
1 |
0 |
|a International relations in a changing world /
|c Joseph Frankel.
|
| 250 |
|
|
|a 4th ed.
|
| 260 |
|
|
|a Oxford ;
|a New York :
|b Oxford University Press,
|c 1988.
|
| 300 |
|
|
|a xi, 243 p. ;
|c 22 cm.
|
| 504 |
|
|
|a Includes bibliographical references (p. [235]-236) and index.
|
| 541 |
1 |
|
|e 00010906
|
| 650 |
|
0 |
|a International relations.
|
| 852 |
4 |
|
|a Ayesha Abed Library
|j General shelf
|
| 999 |
|
|
|c 6806
|d 6806
|
| 952 |
|
|
|0 0
|1 0
|2 ddc
|4 0
|6 327_FRA_199600000000000
|7 0
|9 7000
|a BRACUL
|b BRACUL
|c GEN
|d 2010-01-10
|l 1
|m 2
|o 327 FRA
|p 3010010906
|r 2015-05-26
|s 2015-05-13
|t 1
|w 2010-01-10
|y BK
|
| 952 |
|
|
|0 0
|1 0
|2 ddc
|4 0
|6 327_FRA_199000000000000
|7 0
|9 7001
|a BRACUL
|b BRACUL
|c GEN
|d 2010-01-10
|l 1
|m 2
|o 327 FRA
|p 3010010905
|r 2025-12-07
|s 2025-11-10
|t 2
|w 2010-01-10
|y BK
|